[Event "USCL Los Angeles vs Manhattan"]
[Site "Internet Chess Club"]
[Date "2010.09.27"]
[Round "6"]
[White "Matikozyan, Andranik"]
[Black "Stripunsky, Alex"]
[Result "0-1"]
[WhiteElo "2545"]
[BlackElo "2659"]
[PlyCount "200"]
[EventDate "2010.??.??"]

1. e4 c5 2. Nf3 e6 3. Nc3 a6 4. g3 b5 5. Bg2 Bb7 6. d4 cxd4 7. Nxd4 Nc6 8. O-O
Nxd4 9. Qxd4 Ne7 10. Bf4 Ng6 11. Bd6 Bxd6 12. Qxd6 Rc8 13. a4 bxa4 14. Rxa4 Qc7
15. Qa3 h5 16. h4 Ne5 17. Rd1 Qc5 18. Qxc5 Rxc5 19. Bf1 Ke7 20. Bxa6 Bc6 21.
Rb4 g5 22. hxg5 Nf3+ 23. Kf1 Nxg5 24. Bd3 h4 25. f4 Nh3 26. Kg2 hxg3 27. Kxg3
Rch5 28. Kf3 Rh4 29. Ne2 Rg8 30. Ke3 Rgg4 31. Rf1 f6 32. Rb8 e5 33. fxe5 fxe5
34. Rbf8 Ng5 35. R8f5 Rh3+ 36. Kd2 Nxe4+ 37. Kc1 Kd6 38. b4 Ng3 39. Rf6+ Kc7
40. Nxg3 Rhxg3 41. b5 Bd5 42. R1f5 Bc4 43. Rxe5 Bxd3 44. cxd3 Rxd3 45. b6+ Kb7
46. Rb5 Rg2 47. Rb2 Rg1+ 48. Kc2 Rd5 49. Rb3 Rg2+ 50. Kc3 Rd1 51. Kc4 Rc1+ 52.
Kd4 Rg4+ 53. Ke3 Rd1 54. Rf4 Rg6 55. Ke2 Rd5 56. Rfb4 Rg2+ 57. Kf3 Rh2 58. Ke4
Rd1 59. Rb2 Rh6 60. Kf5 Rh5+ 61. Kf6 Rd6+ 62. Ke7 Rg6 63. Rf2 Rh7+ 64. Rf7
Rxf7+ 65. Kxf7 Rxb6 66. Rd4 Kc6 67. Rd1 Rb5 68. Kf6 d6 69. Re1 Rb4 70. Ke6 d5
71. Ke5 Kc5 72. Rc1+ Rc4 73. Rd1 Re4+ 74. Kf5 Re3 75. Kf4 d4 76. Rc1+ Rc3 77.
Ra1 Kc4 78. Ra4+ Kd3 79. Kf3 Rc4 80. Ra2 Rc2 81. Ra4 Kc3 82. Ra3+ Kc4 83. Ra4+
Kd3 84. Ra3+ Rc3 85. Ra2 Rc4 86. Kf4 Rc2 87. Ra3+ Kc4 88. Ra4+ Kc3 89. Ra3+ Kb4
90. Ra8 Re2 91. Kf3 Re7 92. Kf2 d3 93. Ra2 Kb3 94. Ra8 d2 95. Rd8 Kc2 96. Rc8+
Kd1 97. Rd8 Re5 98. Rh8 Re7 99. Rd8 Rf7+ 100. Ke3 Ke1 0-1

[Event "USCL New England vs St. Louis"]
[Site "Internet Chess Club"]
[Date "2010.09.29"]
[Round "6"]
[White "Brooks, Michael"]
[Black "Vigorito, David"]
[Result "0-1"]
[WhiteElo "2411"]
[BlackElo "2524"]
[PlyCount "100"]
[EventDate "2010.??.??"]

1. e4 c6 2. d4 d5 3. Nc3 dxe4 4. Nxe4 Bf5 5. Ng3 Bg6 6. h4 h6 7. Nf3 Nd7 8. h5
Bh7 9. Bd3 Bxd3 10. Qxd3 e6 11. Bd2 Ngf6 12. O-O-O Be7 13. Ne4 Nxe4 14. Qxe4
Nf6 15. Qe2 Qd5 16. c4 Qe4 17. Rde1 Qxe2 18. Rxe2 O-O 19. Ne5 Rfd8 20. Bc3 Rac8
21. g4 c5 22. dxc5 Bxc5 23. Rd1 Rxd1+ 24. Kxd1 Bd6 25. f3 Bxe5 26. Bxe5 Rxc4
27. Bxf6 gxf6 28. Rd2 Kg7 29. Rd7 Rb4 30. Kc2 a5 31. a3 Rb5 32. Rd4 f5 33. a4
Rc5+ 34. Kd3 fxg4 35. fxg4 Rd5 36. Rxd5 exd5 37. Kd4 Kf6 38. Kxd5 Kg5 39. Ke5
Kxg4 40. Kf6 Kxh5 41. Kxf7 Kg5 42. Ke6 h5 43. Kd6 h4 44. Kc7 h3 45. Kxb7 h2 46.
Kb6 h1=Q 47. Kxa5 Qa8+ 48. Kb5 Qb7+ 49. Kc5 Qxb2 50. a5 Qb7 0-1

[Event "USCL New England vs St. Louis"]
[Site "Internet Chess Club"]
[Date "2010.09.29"]
[Round "6"]
[White "Hua, Margaret"]
[Black "Theil, Carey"]
[Result "1/2-1/2"]
[WhiteElo "1770"]
[BlackElo "2251"]
[PlyCount "54"]
[EventDate "2010.??.??"]

1. e4 c5 2. Nf3 Nc6 3. d4 cxd4 4. Nxd4 g6 5. Nc3 Bg7 6. Be3 Nf6 7. Bc4 O-O 8.
Bb3 a5 9. a4 Ng4 10. Qxg4 Nxd4 11. Qd1 Nxb3 12. cxb3 d6 13. Qd2 Be6 14. Nd5
Bxd5 15. exd5 Qd7 16. Bb6 Qg4 17. O-O Qb4 18. Qxb4 axb4 19. Rac1 Rfc8 20. Rxc8+
Rxc8 21. Ba5 Rc2 22. Rb1 Bd4 23. Bxb4 Rxf2 24. Kh1 Bxb2 25. g3 Kf8 26. Ba5 Ke8
27. b4 Kd7 1/2-1/2

[Event "USCL Seattle vs New Jersey"]
[Site "Internet Chess Club"]
[Date "2010.09.29"]
[Round "6"]
[White "Lee, Michael"]
[Black "Kapengut, Albert"]
[Result "1-0"]
[WhiteElo "2440"]
[BlackElo "2372"]
[PlyCount "69"]
[EventDate "2010.??.??"]

1. c4 e5 2. Nc3 Nf6 3. g3 Bb4 4. Bg2 O-O 5. Nf3 e4 6. Nd4 Bxc3 7. dxc3 h6 8.
O-O d6 9. b3 Re8 10. a4 a5 11. Ba3 Na6 12. Qc2 b6 13. b4 c5 14. Nb5 Bf5 15.
bxa5 bxa5 16. Rad1 Re6 17. Qd2 Qb6 18. Qf4 Bh7 19. Rxd6 Rxd6 20. Qxd6 Qxd6 21.
Nxd6 Rb8 22. Nb5 Rd8 23. Bc1 Ng4 24. Bf4 g5 25. Bd6 f5 26. h3 Rxd6 27. Nxd6 Ne5
28. Rb1 Nd7 29. Rb7 Nab8 30. g4 fxg4 31. hxg4 e3 32. fxe3 Bc2 33. e4 Kf8 34. e5
Ke7 35. Bd5 1-0

[Event "USCL Arizona vs Baltimore"]
[Site "Internet Chess Club"]
[Date "2010.09.29"]
[Round "6"]
[White "Zimmer, Ralph"]
[Black "Adelberg, David"]
[Result "1-0"]
[WhiteElo "2279"]
[BlackElo "2275"]
[PlyCount "101"]
[EventDate "2010.??.??"]

1. Nf3 Nf6 2. c4 c6 3. g3 d5 4. b3 Bf5 5. Bg2 e6 6. O-O Nbd7 7. d3 Bd6 8. Nbd2
Qe7 9. cxd5 cxd5 10. Nd4 Bg6 11. Nb5 O-O 12. Nxd6 Qxd6 13. a4 Rfc8 14. Ba3 Qb6
15. b4 a5 16. b5 Rc7 17. Nb3 Rac8 18. Rc1 Rxc1 19. Bxc1 Qc7 20. Bd2 b6 21. Nd4
e5 22. Nc6 Nb8 23. Qc2 Nxc6 24. Rc1 Qd6 25. bxc6 Nd7 26. Bh3 f5 27. e4 Nc5 28.
Bxa5 Qxc6 29. exd5 Qd6 30. Bb4 Qxd5 31. a5 Rd8 32. Bxc5 bxc5 33. Qxc5 Qxd3 34.
Qxe5 Bf7 35. Bxf5 Qd2 36. Qc3 Qe2 37. Qc2 Qb5 38. Bxh7+ Kh8 39. Qf5 Qb3 40. Qh3
Qb2 41. Bg6+ Kg8 42. Bxf7+ Kxf7 43. Re1 Qf6 44. Qh5+ g6 45. Qh7+ Kf8 46. a6 Ra8
47. a7 Qd4 48. Qe7+ Kg8 49. Qe8+ Rxe8 50. Rxe8+ Kg7 51. a8=Q 1-0

[Event "USCL Seattle vs New Jersey"]
[Site "Internet Chess Club"]
[Date "2010.09.29"]
[Round "6"]
[White "Finn, Sean"]
[Black "Guo, Alex"]
[Result "0-1"]
[WhiteElo "2123"]
[BlackElo "2116"]
[PlyCount "90"]
[EventDate "2010.??.??"]

1. e4 e6 2. d4 d5 3. Nc3 Bb4 4. e5 c5 5. a3 Bxc3+ 6. bxc3 Qa5 7. Bd2 c4 8. Qg4
g6 9. h4 h6 10. Be2 Nc6 11. h5 Nge7 12. hxg6 Nxg6 13. Qf3 Bd7 14. Qf6 Nce7 15.
Bh5 Ba4 16. Ne2 Bxc2 17. Nf4 Kd7 18. Qxf7 Nxf4 19. Qxf4 Raf8 20. Qh4 Nf5 21.
Qh3 Rhg8 22. Be2 Rg6 23. g4 Ne7 24. Rc1 Qa4 25. f4 Be4 26. Rf1 Qxa3 27. Bf3 Bd3
28. Be2 Be4 29. Bf3 Bd3 30. Rf2 Rfg8 31. Rg2 a5 32. Qh2 Be4 33. Bxe4 dxe4 34.
Be3 Rxg4 35. Ra2 Qxc1+ 36. Bxc1 Rg1+ 37. Kf2 Rxc1 38. Qh3 Nf5 39. d5 e3+ 40.
Ke2 Rxc3 41. dxe6+ Kxe6 42. Rb2 Rb3 43. Rc2 Rg3 44. Qh5 Nd4+ 45. Kd1 Rg1# 0-1

[Event "USCL Seattle vs New Jersey"]
[Site "Internet Chess Club"]
[Date "2010.09.29"]
[Round "6"]
[White "Molner, Mackenzie"]
[Black "Mikhailuk, Slava"]
[Result "1/2-1/2"]
[WhiteElo "2548"]
[BlackElo "2431"]
[PlyCount "102"]
[EventDate "2010.??.??"]

1. e4 c5 2. Nf3 Nc6 3. d4 cxd4 4. Nxd4 e5 5. Nb5 a6 6. Nd6+ Bxd6 7. Qxd6 Qf6 8.
Qxf6 Nxf6 9. Nc3 Nb4 10. Bd3 b5 11. Bg5 Nxd3+ 12. cxd3 Bb7 13. O-O h6 14. Bxf6
gxf6 15. f4 Ke7 16. Rf2 Rac8 17. fxe5 fxe5 18. Raf1 Rh7 19. Rf6 d6 20. Nd1 Rc2
21. R6f2 Rxf2 22. Kxf2 d5 23. Nc3 dxe4 24. Nxe4 Rh8 25. Ke3 Rc8 26. g4 Rc2 27.
Rf2 Rxf2 28. Nxf2 a5 29. d4 f6 30. dxe5 fxe5 31. Ne4 b4 32. a3 bxa3 33. bxa3
Bc8 34. h3 h5 35. gxh5 Bxh3 36. Nd2 Kf6 37. Nc4 a4 38. Nb6 Bf5 39. Nxa4 Kg5 40.
Nb6 Kxh5 41. a4 Kg5 42. a5 Bh3 43. a6 Bg2 44. a7 Kf5 45. Nc4 Ke6 46. Nd2 Ba8
47. Nc4 Kd5 48. Nb6+ Kc6 49. Nxa8 Kb7 50. Ke4 Kxa8 51. Kxe5 Kxa7 1/2-1/2

[Event "USCL Seattle vs New Jersey"]
[Site "Internet Chess Club"]
[Date "2010.09.29"]
[Round "6"]
[White "Cozianu, Costin"]
[Black "Benjamin, Joel"]
[Result "1-0"]
[WhiteElo "2557"]
[BlackElo "2614"]
[PlyCount "109"]
[EventDate "2010.??.??"]

1. e4 c6 2. d4 d5 3. exd5 cxd5 4. Bd3 Nc6 5. c3 Qc7 6. Ne2 Bg4 7. f3 Bd7 8. Bg5
e5 9. Nd2 Bd6 10. Nb3 Nge7 11. Qd2 f6 12. Bh4 O-O 13. Bg3 a5 14. a4 Qb6 15. Bb5
Nb8 16. Bf2 e4 17. fxe4 Bxb5 18. axb5 Qxb5 19. e5 fxe5 20. dxe5 Bxe5 21. Nbd4
Qd7 22. O-O Nbc6 23. Nf3 Bd6 24. Rfd1 Rae8 25. c4 Rxf3 26. gxf3 Qh3 27. Bg3 Ne5
28. Qc3 Bc5+ 29. Kh1 Nxc4 30. Nf4 Qf5 31. Rxd5 Nxd5 32. Qxc4 b6 33. Qxd5+ Qxd5
34. Nxd5 Re2 35. b4 axb4 36. Rb1 Rd2 37. Nxb4 Kf7 38. Na6 Bd4 39. Nc7 g5 40.
Nd5 h5 41. Nxb6 h4 42. Bb8 Rf2 43. Nc4 Rxf3 44. Ne5+ Bxe5 45. Bxe5 g4 46. Kg1
Re3 47. Rf1+ Kg6 48. Rf6+ Kh7 49. Bf4 Re4 50. Bg5 g3 51. h3 Kg7 52. Rf4 Re1+
53. Kg2 Re2+ 54. Kf3 Rf2+ 55. Ke3 1-0

[Event "USCL Boston vs San Francisco"]
[Site "Internet Chess Club"]
[Date "2010.09.29"]
[Round "6"]
[White "Liou, Yian"]
[Black "Krasik, Ilya"]
[Result "1/2-1/2"]
[WhiteElo "2254"]
[BlackElo "2253"]
[PlyCount "142"]
[EventDate "2010.??.??"]

1. e4 c5 2. Nf3 d6 3. d4 cxd4 4. Nxd4 Nf6 5. Nc3 g6 6. Be2 Bg7 7. O-O O-O 8.
Kh1 Nc6 9. Nb3 Be6 10. f4 Qc8 11. Be3 Bg4 12. Bg1 Rd8 13. Qd2 Bxe2 14. Qxe2 Qg4
15. Qd2 Rac8 16. Rae1 Qh5 17. Nd5 e6 18. Nxf6+ Bxf6 19. c3 Na5 20. Nxa5 Qxa5
21. a3 Bg7 22. f5 Qc7 23. Qg5 b6 24. Rf3 exf5 25. exf5 Re8 26. Rfe3 Rxe3 27.
Rxe3 Qd8 28. Qg3 Be5 29. Qf3 Rc4 30. fxg6 hxg6 31. Qd5 Rc5 32. Qd1 Qg5 33. Rf3
Rc7 34. Qd5 Kg7 35. Rh3 Qf5 36. Qd2 g5 37. Rf3 Qg6 38. Rf1 Rc4 39. g3 Qe4+ 40.
Qg2 Kg6 41. Rd1 g4 42. Rd2 Kf5 43. Rf2+ Ke6 44. Re2 Qxg2+ 45. Kxg2 Rc8 46. Re4
f5 47. Ra4 Rc7 48. Bf2 Kd5 49. h3 gxh3+ 50. Kxh3 Rh7+ 51. Kg2 Rg7 52. Kf3 Rh7
53. Rb4 Rg7 54. a4 Kc6 55. Rh4 Kd5 56. Be1 Rc7 57. Rh5 Rf7 58. b3 Ke6 59. c4
Rg7 60. Rh6+ Kd7 61. Bf2 Kc6 62. Rh1 Rd7 63. Rh5 Rf7 64. Rh6 Bc3 65. Be3 Be5
66. Rg6 a6 67. b4 b5 68. axb5+ axb5 69. c5 Kd5 70. Rg8 Rg7 71. Rxg7 Bxg7
1/2-1/2

[Event "USCL Carolina vs New York"]
[Site "Internet Chess Club"]
[Date "2010.10.04"]
[Round "7"]
[White "Lenderman, Alex"]
[Black "Simpson, Ron"]
[Result "1-0"]
[WhiteElo "2608"]
[BlackElo "2330"]
[PlyCount "71"]
[EventDate "2010.??.??"]

1. d4 f5 2. Nc3 Nf6 3. Bg5 d5 4. Bxf6 exf6 5. e3 c6 6. Bd3 Qa5 7. a3 Be6 8. Qf3
g6 9. Nge2 Nd7 10. h4 h5 11. Rb1 b5 12. Qg3 Bf7 13. f3 b4 14. axb4 Qxb4 15. O-O
Bd6 16. Qh3 Rb8 17. e4 c5 18. exf5 g5 19. hxg5 c4 20. g6 Bg8 21. Be4 dxe4 22.
fxe4 Kf8 23. e5 Bc7 24. Nf4 Qb6 25. Kh1 fxe5 26. f6 Nxf6 27. Nfd5 Bxd5 28. Nxd5
Kg7 29. Rxf6 Qxf6 30. Nxf6 Kxf6 31. Rf1+ Kg5 32. Qg3+ Kh6 33. g7 Rhe8 34. Rf6+
Kh7 35. Qg6+ Kg8 36. Qf7+ 1-0

[Event "USCL Carolina vs New York"]
[Site "Internet Chess Club"]
[Date "2010.10.04"]
[Round "7"]
[White "Schroer, Jonathan"]
[Black "Kacheishvili, Giorgi"]
[Result "1-0"]
[WhiteElo "2437"]
[BlackElo "2619"]
[PlyCount "59"]
[EventDate "2010.??.??"]

1. d4 Nf6 2. c4 e6 3. Nf3 d5 4. Nc3 Bb4 5. Bg5 h6 6. Bxf6 Qxf6 7. e3 O-O 8. Rc1
dxc4 9. Bxc4 c5 10. O-O cxd4 11. Nxd4 Rd8 12. Qb3 Bf8 13. Rfd1 Nd7 14. Ne4 Qh4
15. Bxe6 Qe7 16. Nd6 Nc5 17. Bxf7+ Kh8 18. Rxc5 Rxd6 19. Rdc1 Rb6 20. Rb5 Rxb5
21. Nxb5 Bd7 22. Nd4 Rc8 23. Rxc8 Bxc8 24. Be6 Qc7 25. Qc3 Qxc3 26. bxc3 Bxe6
27. Nxe6 Be7 28. f4 Kg8 29. Kf2 Kf7 30. Nd4 1-0

[Event "USCL Carolina vs New York"]
[Site "Internet Chess Club"]
[Date "2010.10.04"]
[Round "7"]
[White "Agner, Carlito"]
[Black "Getz, Alec"]
[Result "1-0"]
[WhiteElo "2251"]
[BlackElo "2377"]
[PlyCount "101"]
[EventDate "2010.??.??"]

1. e4 d6 2. d4 Nf6 3. Nc3 Nbd7 4. Be3 c6 5. Bd3 e5 6. f4 Be7 7. Qf3 exd4 8.
Bxd4 Nc5 9. Bxc5 dxc5 10. e5 Nd5 11. Nge2 Qb6 12. f5 Nxc3 13. bxc3 Bd7 14. Bc4
O-O-O 15. O-O f6 16. e6 Be8 17. Rad1 g6 18. Ng3 Rxd1 19. Rxd1 Qc7 20. Qe3 Qe5
21. Qh6 Bf8 22. Qd2 Be7 23. Re1 Qd6 24. Qh6 Bf8 25. Qe3 Be7 26. Rf1 g5 27. Be2
h5 28. Rd1 Qc7 29. Bxh5 Bxh5 30. Rd7 Qxd7 31. exd7+ Kxd7 32. Qe6+ Kd8 33. Ne4
Rf8 34. Nd6 Bxd6 35. Qxd6+ Ke8 36. Qb8+ Ke7 37. Qc7+ Ke8 38. h3 Bf7 39. Qc8+
Ke7 40. Qxb7+ Kd6 41. Qxa7 Bd5 42. a4 Re8 43. a5 Re1+ 44. Kf2 Ra1 45. Qb8+ Kd7
46. a6 c4 47. Qb7+ Kd6 48. Qb6 Ke5 49. g4 c5 50. Qc7+ Ke4 51. Qe7+ 1-0

[Event "USCL Manhattan vs Baltimore"]
[Site "Internet Chess Club"]
[Date "2010.10.04"]
[Round "7"]
[White "Balasubramanian, Adithya"]
[Black "Black, James"]
[Result "1/2-1/2"]
[WhiteElo "2255"]
[BlackElo "2102"]
[PlyCount "127"]
[EventDate "2010.??.??"]

1. Nf3 d5 2. g3 Nf6 3. Bg2 c6 4. O-O Bg4 5. d3 Nbd7 6. Nbd2 e5 7. h3 Bxf3 8.
Nxf3 Bc5 9. c3 O-O 10. Nh4 Re8 11. e4 dxe4 12. dxe4 a5 13. Nf5 Qc7 14. Qf3 g6
15. Nh6+ Kg7 16. g4 Nf8 17. Qg3 Ne6 18. Nf5+ gxf5 19. gxf5+ Kh8 20. fxe6 Rxe6
21. Qh4 Rg8 22. Kh1 Ne8 23. Rg1 Reg6 24. Be3 Bxe3 25. fxe3 Qb6 26. Qf2 Rf6 27.
Bf3 Rgg6 28. Qe2 Ng7 29. Rad1 Qc7 30. Bg4 Ne6 31. Bf5 Rxg1+ 32. Rxg1 Qe7 33.
Qh2 Nf8 34. Qg3 Ng6 35. Qg5 Rd6 36. Bxg6 Qxg5 37. Rxg5 hxg6 38. Rxe5 Rd1+ 39.
Kh2 Rd2+ 40. Kg3 Rxb2 41. Rxa5 Kg7 42. e5 Kf8 43. Kf4 Ke7 44. Ke4 Ke6 45. Ra7
g5 46. a4 Rb3 47. Kd4 Rb2 48. a5 Rd2+ 49. Kc4 Rb2 50. a6 bxa6 51. Rxa6 Kxe5 52.
Rxc6 Rh2 53. Rc5+ Kf6 54. Rc6+ Kf5 55. Rh6 Ke4 56. Rh5 Kxe3 57. Rxg5 Rxh3 58.
Rf5 Rf3 59. Rxf3+ Kxf3 60. Kd3 Kf4 61. Kd4 f5 62. c4 Kg3 63. c5 f4 64. c6
1/2-1/2

[Event "USCL Miami vs Dallas"]
[Site "Internet Chess Club"]
[Date "2010.10.04"]
[Round "7"]
[White "Martinez, Marcel"]
[Black "Kiewra, Keaton"]
[Result "1-0"]
[WhiteElo "2475"]
[BlackElo "2361"]
[PlyCount "111"]
[EventDate "2010.??.??"]

1. e4 c5 2. Nf3 d6 3. d4 Nf6 4. Nc3 cxd4 5. Nxd4 g6 6. Be3 Bg7 7. f3 O-O 8. Qd2
Nc6 9. O-O-O d5 10. exd5 Nxd5 11. Nxc6 bxc6 12. Bd4 e5 13. Bc5 Re8 14. Ne4 Be6
15. Bc4 Qc7 16. h4 h6 17. g4 Red8 18. Qf2 Nf4 19. Bb3 Bxb3 20. axb3 Rd5 21. Nc3
Rdd8 22. h5 g5 23. Rxd8+ Rxd8 24. Rd1 Rxd1+ 25. Kxd1 Qa5 26. Ne4 Qa1+ 27. Kd2
a5 28. Ba3 Qh1 29. Ng3 Qh3 30. Bd6 e4 31. Bxf4 gxf4 32. Nxe4 Bxb2 33. Nd6 Qh1
34. Qe2 Bc1+ 35. Kd3 Be3 36. Nf5 Kh7 37. Nxe3 fxe3 38. Kxe3 Qg1+ 39. Kd3 Qc5
40. Qe4+ Kg8 41. Qd4 Qb5+ 42. Kc3 Qf1 43. Qe4 Qb5 44. f4 Qc5+ 45. Kb2 Kf8 46.
Ka2 Qc3 47. Kb1 Kg7 48. Kc1 Qg3 49. Qe5+ Kg8 50. Qe8+ Kg7 51. Qe5+ Kg8 52. g5
a4 53. bxa4 Qa3+ 54. Kd2 Qxa4 55. Qe8+ Kg7 56. gxh6+ 1-0

[Event "USCL Carolina vs New York"]
[Site "Internet Chess Club"]
[Date "2010.10.04"]
[Round "7"]
[White "Williams, Justus"]
[Black "Jones, Craig"]
[Result "1-0"]
[WhiteElo "2167"]
[BlackElo "2286"]
[PlyCount "147"]
[EventDate "2010.??.??"]

1. Nf3 Nf6 2. c4 c5 3. Nc3 Nc6 4. g3 g6 5. Bg2 Bg7 6. O-O O-O 7. d4 cxd4 8.
Nxd4 Nxd4 9. Qxd4 d6 10. Qd2 Rb8 11. b3 a6 12. a4 Qb6 13. Rb1 Qc5 14. Nd5 Nxd5
15. cxd5 Bf5 16. e4 Bd7 17. Qa2 Rfc8 18. Bg5 Kf8 19. Rfc1 Qd4 20. h4 Bf6 21.
Be3 Qd3 22. Bh6+ Ke8 23. Be3 Rxc1+ 24. Rxc1 Rc8 25. Rxc8+ Bxc8 26. Qa3 Qd1+ 27.
Kh2 Bc3 28. b4 Qc2 29. b5 a5 30. Bb6 Bg4 31. e5 Bxe5 32. f3 Bf5 33. Bxa5 Bd4
34. Qb4 Qf2 35. Qe1 Bc2 36. Qc1 Kf8 37. Bd2 Bf5 38. Bh6+ Kg8 39. Bg5 f6 40. Bf4
h5 41. a5 g5 42. Bxg5 Qc2 43. b6 fxg5 44. Qxg5+ Kf8 45. Qxh5 Bg6 46. Qh6+ Ke8
47. h5 Bf5 48. Qg5 Qb1 49. g4 Qg1+ 50. Kg3 Be5+ 51. f4 Qe3+ 52. Bf3 Qe1+ 53.
Kg2 Qd2+ 54. Kg3 Qe1+ 55. Kh3 Qf2 56. Qxf5 Qxf3+ 57. Kh4 Bf6+ 58. g5 Qh1+ 59.
Qh3 Qe1+ 60. Qg3 Qh1+ 61. Kg4 Qd1+ 62. Kh4 Qh1+ 63. Kg4 Qd1+ 64. Qf3 Qg1+ 65.
Kh3 Bd4 66. h6 Kf8 67. Qg2 Qe3+ 68. Kg4 Bc3 69. Qc2 Bxa5 70. g6 Qg1+ 71. Kf5
Qxb6 72. Qc8+ Qd8 73. Qe6 Ke8 74. g7 1-0

[Event "USCL Miami vs Dallas"]
[Site "Internet Chess Club"]
[Date "2010.10.04"]
[Round "7"]
[White "Zorigt, Bayaraa"]
[Black "Rosenthal, Nicholas"]
[Result "1-0"]
[WhiteElo "2240"]
[BlackElo "2047"]
[PlyCount "113"]
[EventDate "2010.??.??"]

1. c4 c5 2. Nc3 Nc6 3. g3 b6 4. Bg2 Bb7 5. Nf3 Nf6 6. O-O g6 7. d4 cxd4 8. Nxd4
Bg7 9. e4 Nxd4 10. Qxd4 d6 11. Be3 O-O 12. Qd2 Ng4 13. Bd4 Rc8 14. h3 Bxd4 15.
Qxd4 Ne5 16. b3 Qd7 17. Rad1 Qe6 18. f4 Nc6 19. Qe3 Kh8 20. Nd5 Nb8 21. Qd4+ f6
22. f5 gxf5 23. exf5 Qf7 24. Qe3 Nc6 25. Nf4 Nd8 26. Bxb7 Nxb7 27. Rfe1 Rce8
28. Rd4 Nc5 29. b4 Nd7 30. Ng6+ hxg6 31. Rh4+ Kg8 32. fxg6 Qxg6 33. Qe6+ Kg7
34. Rg4 Ne5 35. Rxg6+ Kxg6 36. Kg2 Rg8 37. Re4 Kg7 38. a4 Kf8 39. Rh4 Nf7 40.
Qd7 a5 41. b5 Rd8 42. Qc7 d5 43. Rd4 e6 44. Qxb6 Rc8 45. Qxe6 Re8 46. Qxf6 Re2+
47. Kf1 Re7 48. Rxd5 Rxg3 49. Rd8+ Re8 50. Rxe8+ Kxe8 51. Qe6+ Kf8 52. b6 Rb3
53. Qc8+ Kg7 54. b7 Rb1+ 55. Ke2 Rb2+ 56. Kd3 Rb3+ 57. Kd4 1-0

[Event "USCL Miami vs Dallas"]
[Site "Internet Chess Club"]
[Date "2010.10.04"]
[Round "7"]
[White "Fernandez, Daniel"]
[Black "Gonzalez, Renier"]
[Result "0-1"]
[WhiteElo "2447"]
[BlackElo "2540"]
[PlyCount "96"]
[EventDate "2010.??.??"]

1. d4 g6 2. c4 Bg7 3. Nf3 d6 4. e4 e5 5. Bg5 f6 6. Be3 Nh6 7. h3 Nf7 8. Nc3 Nd7
9. Be2 O-O 10. O-O c6 11. Qd2 f5 12. dxe5 dxe5 13. exf5 gxf5 14. Qc2 Qf6 15.
Rad1 Re8 16. c5 Nf8 17. Bc4 Be6 18. Qb3 Bxc4 19. Qxc4 Ne6 20. Rd7 e4 21. Bd4
Nxd4 22. Nxd4 Rad8 23. Rxd8 Rxd8 24. Ne6 Re8 25. Nxg7 Kxg7 26. f4 h5 27. Rd1
Rd8 28. Qe2 h4 29. Kh2 Kh6 30. Qf2 Kg6 31. Rd2 Qe7 32. Rxd8 Qxd8 33. Qe3 Nh6
34. Ne2 Qd5 35. Nc3 Qd7 36. Ne2 Ng8 37. Qd4 Qxd4 38. Nxd4 Nf6 39. Nc2 Nh5 40.
Nd4 Nxf4 41. g3 hxg3+ 42. Kxg3 Nd3 43. Ne6 Kf6 44. Nd8 f4+ 45. Kg2 Nxc5 46. b4
Ke7 47. Nxc6+ bxc6 48. bxc5 Kf6 0-1

[Event "USCL Manhattan vs Baltimore"]
[Site "Internet Chess Club"]
[Date "2010.10.04"]
[Round "7"]
[White "Vovsha, Eli"]
[Black "Zimmer, Ralph"]
[Result "1-0"]
[WhiteElo "2539"]
[BlackElo "2279"]
[PlyCount "107"]
[EventDate "2010.??.??"]

1. e4 d5 2. exd5 Qxd5 3. Nf3 Nf6 4. d4 c6 5. c4 Qd8 6. h3 Bf5 7. Nc3 e6 8. Be3
Nbd7 9. Be2 Bb4 10. Qb3 Qa5 11. O-O O-O 12. Nh4 Bg6 13. Nxg6 hxg6 14. Rac1 e5
15. a3 exd4 16. Bxd4 Bxc3 17. Bxc3 Qc7 18. Bf3 Rfe8 19. Rfe1 Nc5 20. Qc2 Qf4
21. b4 Nce4 22. Bxf6 Nxf6 23. b5 Qc7 24. bxc6 bxc6 25. Qa4 Rxe1+ 26. Rxe1 Rc8
27. c5 Nd7 28. Qd4 Nf8 29. Bg4 Rd8 30. Qb4 Rb8 31. Qc4 g5 32. g3 Ng6 33. Qe4
Qa5 34. Bh5 Nf8 35. Qe7 g6 36. Bf3 Rc8 37. Re3 Qd8 38. Qxa7 Ne6 39. Bg4 Rc7 40.
Qb6 Nd4 41. Rd3 f5 42. Rxd4 Qxd4 43. Qxc7 fxg4 44. Qxc6 Kg7 45. hxg4 Qxg4 46.
Qd5 Qa4 47. Qe5+ Kh7 48. Qe7+ Kh6 49. Qf6 Qd1+ 50. Kh2 Kh5 51. c6 Qc2 52. Qh8+
Kg4 53. Qh3+ Kf3 54. Qg2+ 1-0

[Event "USCL Manhattan vs Baltimore"]
[Site "Internet Chess Club"]
[Date "2010.10.04"]
[Round "7"]
[White "Stripunsky, Alex"]
[Black "Erenburg, Sergey"]
[Result "0-1"]
[WhiteElo "2659"]
[BlackElo "2646"]
[PlyCount "152"]
[EventDate "2010.??.??"]

1. e4 c6 2. Nc3 d5 3. Nf3 a6 4. h3 d4 5. Ne2 c5 6. Nf4 Nc6 7. e5 e6 8. Bd3 Qc7
9. Qe2 g6 10. O-O Bh6 11. g3 Nge7 12. Ng2 Nb4 13. Be4 Nbc6 14. d3 Bxc1 15.
Bxc6+ Qxc6 16. Raxc1 b6 17. Ng5 Bb7 18. Ne4 O-O-O 19. f4 Kb8 20. Kh2 Ba8 21.
Rf2 h5 22. a3 Nf5 23. Ng5 Rd7 24. Re1 a5 25. Qd2 c4 26. Qe2 cxd3 27. cxd3 Rc8
28. Ne4 Qb5 29. Qf3 Rdc7 30. g4 hxg4 31. hxg4 Rh8+ 32. Kg1 f6 33. exf6 Rch7 34.
Rfe2 Qd7 35. gxf5 gxf5 36. Qg3 fxe4 37. dxe4 d3 38. f5+ Ka7 39. Rd2 Qd4+ 40.
Re3 exf5 41. f7 Rxf7 42. Rdxd3 Qxb2 43. Rb3 Qc1+ 44. Re1 Qc5+ 45. Qe3 Qxe3+ 46.
Rexe3 Bxe4 47. Nf4 Rh1+ 48. Kf2 Rh2+ 49. Kg3 Rd2 50. Ne2 Rg7+ 51. Kf4 Rg4+ 52.
Ke5 Rd5+ 53. Kf6 Rd6+ 54. Ke5 Rd5+ 55. Ke6 Rg6+ 56. Ke7 Rc5 57. Rbc3 Rxc3 58.
Nxc3 Bc6 59. Ne2 Rg4 60. Kd6 Re4 61. Rh3 Rxe2 62. Kxc6 Ka6 63. Rb3 Rc2+ 64. Kd5
a4 65. Rh3 Kb5 66. Kd4 Rc4+ 67. Kd3 Rg4 68. Re3 f4 69. Re5+ Ka6 70. Kc3 b5 71.
Re6+ Ka5 72. Rf6 Rg3+ 73. Kb2 Rb3+ 74. Ka2 f3 75. Re6 Rd3 76. Kb2 Rd2+ 0-1

[Event "USCL Miami vs Dallas"]
[Site "Internet Chess Club"]
[Date "2010.10.04"]
[Round "7"]
[White "Becerra, Julio"]
[Black "Ramirez, Alejandro"]
[Result "1-0"]
[WhiteElo "2628"]
[BlackElo "2645"]
[PlyCount "171"]
[EventDate "2010.??.??"]

1. e4 c5 2. Nf3 Nc6 3. Bb5 e6 4. O-O Nge7 5. Re1 a6 6. Bxc6 Nxc6 7. d4 cxd4 8.
Nxd4 Qc7 9. Nc3 Bd6 10. Nxc6 dxc6 11. Qh5 e5 12. Re3 Be6 13. Rg3 g6 14. Qe2
O-O-O 15. b3 f5 16. Rd3 Bb4 17. Bb2 Rxd3 18. Qxd3 Rd8 19. Qe2 Qa5 20. Qe1 fxe4
21. a3 Bxc3 22. Bxc3 Qc5 23. a4 Bf5 24. Qe3 Qxe3 25. fxe3 Bg4 26. a5 c5 27. Kf2
Rd1 28. Ra4 Rc1 29. Rc4 Rxc2+ 30. Kg3 Be2 31. Rxc5+ Kd7 32. Bd4 Rd2 33. Bc3 Rc2
34. Bd4 Ra2 35. Rd5+ Kc6 36. Rc5+ Kd6 37. Rxe5 Bf1 38. Rxe4 Rxg2+ 39. Kf3 Ra2
40. Rh4 h5 41. Bc3 Be2+ 42. Kf4 Bg4 43. h3 Be6 44. Kg5 Rg2+ 45. Kf6 Bxb3 46.
Rb4 Bc2 47. Be5+ Kc6 48. h4 Rg4 49. Bf4 Bd3 50. Rb6+ Kc5 51. Bg5 Be4 52. Ke5
Kc4 53. Rd6 Bc6 54. Rd4+ Kb5 55. Bd8 Rg3 56. Kf6 Be8 57. Re4 Bd7 58. Re5+ Kc4
59. Re4+ Kb3 60. Bb6 Bc6 61. Rf4 Rg4 62. Ke5 Rg2 63. Kf6 Rg4 64. Ke5 Rg2 65.
Kf6 Kc3 66. e4 Rg4 67. Rxg4 hxg4 68. e5 Kc4 69. Kxg6 Be8+ 70. Kg5 Kd5 71. h5
Bxh5 72. Kxh5 Kxe5 73. Kxg4 Kd6 74. Kf5 Kd5 75. Kf4 Kd6 76. Ke4 Ke6 77. Kd4 Kd6
78. Kc4 Kc6 79. Kb4 Kd6 80. Kc4 Kc6 81. Kd4 Kd6 82. Ke4 Ke6 83. Bc5 Kd7 84. Kd5
Kc7 85. Bd6+ Kd7 86. Kc5 1-0

[Event "USCL San Francisco vs Arizona"]
[Site "Internet Chess Club"]
[Date "2010.10.04"]
[Round "7"]
[White "Rensch, Daniel"]
[Black "Pruess, David"]
[Result "1-0"]
[WhiteElo "2471"]
[BlackElo "2411"]
[PlyCount "79"]
[EventDate "2010.??.??"]

1. e4 c6 2. d4 d5 3. e5 Bf5 4. h4 h6 5. g4 Be4 6. Rh3 e6 7. Nd2 Bh7 8. Nb3 Nd7
9. Nf3 h5 10. gxh5 Bf5 11. Rg3 Qc7 12. Bg5 Rxh5 13. a3 Ne7 14. Bxe7 Kxe7 15.
Bd3 c5 16. Qd2 Rc8 17. Nxc5 Nxc5 18. dxc5 Qxc5 19. O-O-O g6 20. Bxf5 Rxf5 21.
Nd4 Rxe5 22. Rc3 Qxc3 23. bxc3 Rh5 24. f4 Rxh4 25. Nf3 Rh3 26. Qg2 Rh5 27. Kb2
Bg7 28. Rd3 Bf6 29. Nd4 Rch8 30. Re3 a6 31. Qe2 Kd7 32. Rxe6 Rh2 33. Rxf6 Rxe2
34. Nxe2 Rh2 35. Nd4 Ke8 36. Nf3 Rf2 37. Ne5 Ke7 38. Rxf7+ Ke6 39. Rxb7 g5 40.
Nd3 1-0